Measurements of direct CP asymmetries in B → Xsγ decays using sum of exclusive decays
We measure the direct CP violation asymmetry, ACP, in B→Xsγ and the isospin difference of the asymmetry, ΔACP, using 429 fb−1 of data collected at Υ(4S) resonance with the BABAR detector at the PEP-II asymmetric-energy e+e− storage rings operating at the SLAC National Accelerator Laboratory. B meson...
Saved in:
| Main Authors: | , , , , , , , , , , , , , , , , , , , , , , , , , , , , , , , , , , , , , , , , , , , , , , , , , , , , , , , , , , , , , , , , , , , , , , , , , , , , , , , , , , , , , , , , , , , , , , , , , , , , , , , , , , , , , , , , , , , , , , , , , , , , , , , , , , , , , , , , , , , , , , , , , , , , , , , , , , , , , , , , , , , , , , , , , , , , , , , , , , , , , , , , , , , , , , , , , , , , , , , , , , , , , , , , , , , , , , , , , , , , , , , , , , , , , , , , , , , , , , , , , , , , , , , , , , , , , , , , , , , , , , , , , , , , , , , , , , , , , , , , , , , , , , , , , , , , , , , , , , , , , , , , , , , , , , , , , , , , , , , , , , , , , , , , , , , , , , , , , |
|---|---|
| Corporate Author: | |
| Format: | Article (Journal) |
| Language: | English |
| Published: |
5 November 2014
|
| In: |
Physical review. D, Particles, fields, gravitation, and cosmology
Year: 2014, Volume: 90, Issue: 9 |
| ISSN: | 1550-2368 |
| DOI: | 10.1103/PhysRevD.90.092001 |
| Online Access: | Verlag, lizenzpflichtig, Volltext: https://doi.org/10.1103/PhysRevD.90.092001 Verlag, lizenzpflichtig, Volltext: https://link.aps.org/doi/10.1103/PhysRevD.90.092001 |
| Author Notes: | J.P. Lees, V. Poireau, V. Tisserand, E. Grauges, A. Palano, G. Eigen, B. Stugu, D.N. Brown, L.T. Kerth, Yu.G. Kolomensky, M.J. Lee, G. Lynch, H. Koch, T. Schroeder, C. Hearty, T.S. Mattison, J.A. McKenna, R.Y. So, A. Khan, V.E. Blinov, A.R. Buzykaev, V.P. Druzhinin, V.B. Golubev, E.A. Kravchenko, A.P. Onuchin, S.I. Serednyakov, Yu.I. Skovpen, E.P. Solodov, K.Yu. Todyshev, A.N. Yushkov, D. Kirkby, A.J. Lankford, M. Mandelkern, B. Dey, J.W. Gary, O. Long, C. Campagnari, M. Franco Sevilla, T.M. Hong, D. Kovalskyi, J.D. Richman, C.A. West, A.M. Eisner, W.S. Lockman, B.A. Schumm, A. Seiden, D.S. Chao, C.H. Cheng, B. Echenard, K.T. Flood, D.G. Hitlin, P. Ongmongkolkul, F.C. Porter, R. Andreassen, Z. Huard, B.T. Meadows, B.G. Pushpawela, M.D. Sokoloff, L. Sun, P.C. Bloom, W.T. Ford, A. Gaz, U. Nauenberg, J.G. Smith, S.R. Wagner, R. Ayad, W.H. Toki, B. Spaan, R. Schwierz, D. Bernard, M. Verderi, S. Playfer, D. Bettoni, C. Bozzi, R. Calabrese, G. Cibinetto, E. Fioravanti, I. Garzia, E. Luppi, L. Piemontese, V. Santoro, R. Baldini-Ferroli, A. Calcaterra, R. de Sangro, G. Finocchiaro, S. Martellotti, P. Patteri, I.M. Peruzzi, M. Piccolo, M. Rama, A. Zallo, R. Contri, E. Guido, M. Lo Vetere, M.R. Monge, S. Passaggio, C. Patrignani, E. Robutti, B. Bhuyan, V. Prasad, M. Morii, A. Adametz, U. Uwer, H.M. Lacker, P.D. Dauncey, U. Mallik, C. Chen, J. Cochran, W.T. Meyer, S. Prell, H. Ahmed, A.V. Gritsan, N. Arnaud, M. Davier, D. Derkach, G. Grosdidier, F. Le Diberder, A.M. Lutz, B. Malaescu, P. Roudeau, A. Stocchi, G. Wormser, D.J. Lange, D.M. Wright, J.P. Coleman, J.R. Fry, E. Gabathuler, D.E. Hutchcroft, D.J. Payne, C. Touramanis, A.J. Bevan, F. Di Lodovico, R. Sacco, G. Cowan, J. Bougher, D.N. Brown, C.L. Davis, A.G. Denig, M. Fritsch, W. Gradl, K. Griessinger, A. Hafner, E. Prencipe, K.R. Schubert, R.J. Barlow, G.D. Lafferty, E. Behn, R. Cenci, B. Hamilton, A. Jawahery, D.A. Roberts, R. Cowan, D. Dujmic, G. Sciolla, R. Cheaib, P.M. Patel, S.H. Robertson, P. Biassoni, N. Neri, F. Palombo, L. Cremaldi, R. Godang, P. Sonnek, D.J. Summers, M. Simard, P. Taras, G. De Nardo, D. Monorchio, G. Onorato, C. Sciacca, M. Martinelli, G. Raven, C.P. Jessop, J.M. LoSecco, K. Honscheid, R. Kass, J. Brau, R. Frey, N.B. Sinev, D. Strom, E. Torrence, H. Ahmed, E. Feltresi, M. Margoni, M. Morandin, M. Posocco, M. Rotondo, G. Simi, F. Simonetto, R. Stroili, S. Akar, E. Ben-Haim, M. Bomben, G.R. Bonneaud, H. Briand, G. Calderini, J. Chauveau, Ph. Leruste, G. Marchiori, J. Ocariz, S. Sitt, M. Biasini, E. Manoni, S. Pacetti, A. Rossi, C. Angelini, G. Batignani, S. Bettarini, M. Carpinelli, G. Casarosa, A. Cervelli, F. Forti, M.A. Giorgi, A. Lusiani, B. Oberhof, E. Paoloni, A. Perez, G. Rizzo, J.J. Walsh, D. Lopes Pegna, J. Olsen, A.J.S. Smith, R. Faccini, F. Ferrarotto, F. Ferroni, M. Gaspero, L. Li Gioi, G. Piredda, C. Bünger, O. Grünberg, T. Hartmann, T. Leddig, C. Voß, R. Waldi, T. Adye, E.O. Olaiya, F.F. Wilson, S. Emery, G. Hamel de Monchenault, G. Vasseur, Ch. Yèche, F. Anulli, D. Aston, D.J. Bard, J.F. Benitez, C. Cartaro, M.R. Convery, J. Dorfan, G.P. Dubois-Felsmann, W. Dunwoodie, M. Ebert, R.C. Field, B.G. Fulsom, A.M. Gabareen, M.T. Graham, C. Hast, W.R. Innes, P. Kim, M.L. Kocian, D.W.G.S. Leith, P. Lewis, D. Lindemann, B. Lindquist, S. Luitz, V. Luth, H.L. Lynch, D.B. MacFarlane, D.R. Muller, H. Neal, S. Nelson, M. Perl, T. Pulliam, B.N. Ratcliff, A. Roodman, A.A. Salnikov, R.H. Schindler, A. Snyder, D. Su, M.K. Sullivan, J. Va’vra, A.P. Wagner, W. F. Wang, W.J. Wisniewski, M. Wittgen, D.H. Wright, H.W. Wulsin, V. Ziegler, W. Park, M.V. Purohit, R.M. White, J.R. Wilson, A. Randle-Conde, S.J. Sekula, M. Bellis, P.R. Burchat, T.S. Miyashita, E.M.T. Puccio, M.S. Alam, J.A. Ernst, R. Gorodeisky, N. Guttman, D.R. Peimer, A. Soffer, S.M. Spanier, J.L. Ritchie, A.M. Ruland, R.F. Schwitters, B.C. Wray, J.M. Izen, X.C. Lou, F. Bianchi, F. De Mori, A. Filippi, D. Gamba, S. Zambito, L. Lanceri, L. Vitale, F. Martinez-Vidal, A. Oyanguren, P. Villanueva-Perez, J. Albert, Sw. Banerjee, F. U. Bernlochner, H.H.F. Choi, G.J. King, R. Kowalewski, M.J. Lewczuk, T. Lueck, I.M. Nugent, J.M. Roney, R.J. Sobie, N. Tasneem, T.J. Gershon, P.F. Harrison, T.E. Latham, H.R. Band, S. Dasu, Y. Pan, R. Prepost, and S.L. Wu (BABAR Collaboration) |
MARC
| LEADER | 00000caa a2200000 c 4500 | ||
|---|---|---|---|
| 001 | 1753940044 | ||
| 003 | DE-627 | ||
| 005 | 20251101213422.0 | ||
| 007 | cr uuu---uuuuu | ||
| 008 | 210413s2014 xx |||||o 00| ||eng c | ||
| 024 | 7 | |a 10.1103/PhysRevD.90.092001 |2 doi | |
| 035 | |a (DE-627)1753940044 | ||
| 035 | |a (DE-599)KXP1753940044 | ||
| 035 | |a (OCoLC)1341404015 | ||
| 040 | |a DE-627 |b ger |c DE-627 |e rda | ||
| 041 | |a eng | ||
| 084 | |a 29 |2 sdnb | ||
| 110 | 2 | |a BABAR Collaboration |e VerfasserIn |0 (DE-588)1087272653 |0 (DE-627)851594808 |0 (DE-576)458479853 |4 aut | |
| 245 | 1 | 0 | |a Measurements of direct CP asymmetries in B → Xsγ decays using sum of exclusive decays |c J.P. Lees, V. Poireau, V. Tisserand, E. Grauges, A. Palano, G. Eigen, B. Stugu, D.N. Brown, L.T. Kerth, Yu.G. Kolomensky, M.J. Lee, G. Lynch, H. Koch, T. Schroeder, C. Hearty, T.S. Mattison, J.A. McKenna, R.Y. So, A. Khan, V.E. Blinov, A.R. Buzykaev, V.P. Druzhinin, V.B. Golubev, E.A. Kravchenko, A.P. Onuchin, S.I. Serednyakov, Yu.I. Skovpen, E.P. Solodov, K.Yu. Todyshev, A.N. Yushkov, D. Kirkby, A.J. Lankford, M. Mandelkern, B. Dey, J.W. Gary, O. Long, C. Campagnari, M. Franco Sevilla, T.M. Hong, D. Kovalskyi, J.D. Richman, C.A. West, A.M. Eisner, W.S. Lockman, B.A. Schumm, A. Seiden, D.S. Chao, C.H. Cheng, B. Echenard, K.T. Flood, D.G. Hitlin, P. Ongmongkolkul, F.C. Porter, R. Andreassen, Z. Huard, B.T. Meadows, B.G. Pushpawela, M.D. Sokoloff, L. Sun, P.C. Bloom, W.T. Ford, A. Gaz, U. Nauenberg, J.G. Smith, S.R. Wagner, R. Ayad, W.H. Toki, B. Spaan, R. Schwierz, D. Bernard, M. Verderi, S. Playfer, D. Bettoni, C. Bozzi, R. Calabrese, G. Cibinetto, E. Fioravanti, I. Garzia, E. Luppi, L. Piemontese, V. Santoro, R. Baldini-Ferroli, A. Calcaterra, R. de Sangro, G. Finocchiaro, S. Martellotti, P. Patteri, I.M. Peruzzi, M. Piccolo, M. Rama, A. Zallo, R. Contri, E. Guido, M. Lo Vetere, M.R. Monge, S. Passaggio, C. Patrignani, E. Robutti, B. Bhuyan, V. Prasad, M. Morii, A. Adametz, U. Uwer, H.M. Lacker, P.D. Dauncey, U. Mallik, C. Chen, J. Cochran, W.T. Meyer, S. Prell, H. Ahmed, A.V. Gritsan, N. Arnaud, M. Davier, D. Derkach, G. Grosdidier, F. Le Diberder, A.M. Lutz, B. Malaescu, P. Roudeau, A. Stocchi, G. Wormser, D.J. Lange, D.M. Wright, J.P. Coleman, J.R. Fry, E. Gabathuler, D.E. Hutchcroft, D.J. Payne, C. Touramanis, A.J. Bevan, F. Di Lodovico, R. Sacco, G. Cowan, J. Bougher, D.N. Brown, C.L. Davis, A.G. Denig, M. Fritsch, W. Gradl, K. Griessinger, A. Hafner, E. Prencipe, K.R. Schubert, R.J. Barlow, G.D. Lafferty, E. Behn, R. Cenci, B. Hamilton, A. Jawahery, D.A. Roberts, R. Cowan, D. Dujmic, G. Sciolla, R. Cheaib, P.M. Patel, S.H. Robertson, P. Biassoni, N. Neri, F. Palombo, L. Cremaldi, R. Godang, P. Sonnek, D.J. Summers, M. Simard, P. Taras, G. De Nardo, D. Monorchio, G. Onorato, C. Sciacca, M. Martinelli, G. Raven, C.P. Jessop, J.M. LoSecco, K. Honscheid, R. Kass, J. Brau, R. Frey, N.B. Sinev, D. Strom, E. Torrence, H. Ahmed, E. Feltresi, M. Margoni, M. Morandin, M. Posocco, M. Rotondo, G. Simi, F. Simonetto, R. Stroili, S. Akar, E. Ben-Haim, M. Bomben, G.R. Bonneaud, H. Briand, G. Calderini, J. Chauveau, Ph. Leruste, G. Marchiori, J. Ocariz, S. Sitt, M. Biasini, E. Manoni, S. Pacetti, A. Rossi, C. Angelini, G. Batignani, S. Bettarini, M. Carpinelli, G. Casarosa, A. Cervelli, F. Forti, M.A. Giorgi, A. Lusiani, B. Oberhof, E. Paoloni, A. Perez, G. Rizzo, J.J. Walsh, D. Lopes Pegna, J. Olsen, A.J.S. Smith, R. Faccini, F. Ferrarotto, F. Ferroni, M. Gaspero, L. Li Gioi, G. Piredda, C. Bünger, O. Grünberg, T. Hartmann, T. Leddig, C. Voß, R. Waldi, T. Adye, E.O. Olaiya, F.F. Wilson, S. Emery, G. Hamel de Monchenault, G. Vasseur, Ch. Yèche, F. Anulli, D. Aston, D.J. Bard, J.F. Benitez, C. Cartaro, M.R. Convery, J. Dorfan, G.P. Dubois-Felsmann, W. Dunwoodie, M. Ebert, R.C. Field, B.G. Fulsom, A.M. Gabareen, M.T. Graham, C. Hast, W.R. Innes, P. Kim, M.L. Kocian, D.W.G.S. Leith, P. Lewis, D. Lindemann, B. Lindquist, S. Luitz, V. Luth, H.L. Lynch, D.B. MacFarlane, D.R. Muller, H. Neal, S. Nelson, M. Perl, T. Pulliam, B.N. Ratcliff, A. Roodman, A.A. Salnikov, R.H. Schindler, A. Snyder, D. Su, M.K. Sullivan, J. Va’vra, A.P. Wagner, W. F. Wang, W.J. Wisniewski, M. Wittgen, D.H. Wright, H.W. Wulsin, V. Ziegler, W. Park, M.V. Purohit, R.M. White, J.R. Wilson, A. Randle-Conde, S.J. Sekula, M. Bellis, P.R. Burchat, T.S. Miyashita, E.M.T. Puccio, M.S. Alam, J.A. Ernst, R. Gorodeisky, N. Guttman, D.R. Peimer, A. Soffer, S.M. Spanier, J.L. Ritchie, A.M. Ruland, R.F. Schwitters, B.C. Wray, J.M. Izen, X.C. Lou, F. Bianchi, F. De Mori, A. Filippi, D. Gamba, S. Zambito, L. Lanceri, L. Vitale, F. Martinez-Vidal, A. Oyanguren, P. Villanueva-Perez, J. Albert, Sw. Banerjee, F. U. Bernlochner, H.H.F. Choi, G.J. King, R. Kowalewski, M.J. Lewczuk, T. Lueck, I.M. Nugent, J.M. Roney, R.J. Sobie, N. Tasneem, T.J. Gershon, P.F. Harrison, T.E. Latham, H.R. Band, S. Dasu, Y. Pan, R. Prepost, and S.L. Wu (BABAR Collaboration) |
| 246 | 3 | 0 | |a gamma |
| 246 | 3 | 3 | |a Measurements of direct CP asymmetries in B →xsγ decays using sum of exclusive decays |
| 246 | 3 | 3 | |a Measurements of direct CP asymmetries in B → Xs gamma decays using sum of exclusive decays |
| 264 | 1 | |c 5 November 2014 | |
| 300 | |a 12 | ||
| 336 | |a Text |b txt |2 rdacontent | ||
| 337 | |a Computermedien |b c |2 rdamedia | ||
| 338 | |a Online-Ressource |b cr |2 rdacarrier | ||
| 500 | |a Gesehen am 13.04.2021 | ||
| 500 | |a Im Titel ist der Buchstabe "s" tiefgestellt | ||
| 520 | |a We measure the direct CP violation asymmetry, ACP, in B→Xsγ and the isospin difference of the asymmetry, ΔACP, using 429 fb−1 of data collected at Υ(4S) resonance with the BABAR detector at the PEP-II asymmetric-energy e+e− storage rings operating at the SLAC National Accelerator Laboratory. B mesons are reconstructed from ten charged B final states and six neutral B final states. We find ACP=+(1.7±1.9±1.0)%, which is in agreement with the Standard Model prediction and provides an improvement on the world average. Moreover, we report the first measurement of the difference between ACP for charged and neutral decay modes, ΔACP=+(5.0±3.9±1.5)%. Using the value of ΔACP, we also provide 68% and 90% confidence intervals on the imaginary part of the ratio of the Wilson coefficients corresponding to the chromomagnetic dipole and the electromagnetic dipole transitions. | ||
| 700 | 1 | |a Lees, Jean-Pierre |e VerfasserIn |0 (DE-588)1158697910 |0 (DE-627)1020777648 |0 (DE-576)504317520 |4 aut | |
| 700 | 1 | |a Poireau, V. |e VerfasserIn |4 aut | |
| 700 | 1 | |a Tisserand, V. |e VerfasserIn |4 aut | |
| 700 | 1 | |a Grauges, E. |e VerfasserIn |4 aut | |
| 700 | 1 | |a Palano, A. |e VerfasserIn |4 aut | |
| 700 | 1 | |a Eigen, G. |e VerfasserIn |4 aut | |
| 700 | 1 | |a Stugu, B. |e VerfasserIn |4 aut | |
| 700 | 1 | |a Brown, D. N. |e VerfasserIn |4 aut | |
| 700 | 1 | |a Kerth, L. T. |e VerfasserIn |4 aut | |
| 700 | 1 | |a Kolomensky, Yu. G. |e VerfasserIn |4 aut | |
| 700 | 1 | |a Lee, M. J. |e VerfasserIn |4 aut | |
| 700 | 1 | |a Lynch, G. |e VerfasserIn |4 aut | |
| 700 | 1 | |a Koch, H. |e VerfasserIn |4 aut | |
| 700 | 1 | |a Schroeder, T. |e VerfasserIn |4 aut | |
| 700 | 1 | |a Hearty, C. |e VerfasserIn |4 aut | |
| 700 | 1 | |a Mattison, T. S. |e VerfasserIn |4 aut | |
| 700 | 1 | |a McKenna, J. A. |e VerfasserIn |4 aut | |
| 700 | 1 | |a So, R. Y. |e VerfasserIn |4 aut | |
| 700 | 1 | |a Khan, A. |e VerfasserIn |4 aut | |
| 700 | 1 | |a Blinov, V. E. |e VerfasserIn |4 aut | |
| 700 | 1 | |a Buzykaev, A. R. |e VerfasserIn |4 aut | |
| 700 | 1 | |a Druzhinin, V. P. |e VerfasserIn |4 aut | |
| 700 | 1 | |a Golubev, V. B. |e VerfasserIn |4 aut | |
| 700 | 1 | |a Kravchenko, E. A. |e VerfasserIn |4 aut | |
| 700 | 1 | |a Onuchin, A. P. |e VerfasserIn |4 aut | |
| 700 | 1 | |a Serednyakov, S. I. |e VerfasserIn |4 aut | |
| 700 | 1 | |a Skovpen, Yu. I. |e VerfasserIn |4 aut | |
| 700 | 1 | |a Solodov, E. P. |e VerfasserIn |4 aut | |
| 700 | 1 | |a Todyshev, K. Yu. |e VerfasserIn |4 aut | |
| 700 | 1 | |a Yushkov, A. N. |e VerfasserIn |4 aut | |
| 700 | 1 | |a Kirkby, D. |e VerfasserIn |4 aut | |
| 700 | 1 | |a Lankford, A. J. |e VerfasserIn |4 aut | |
| 700 | 1 | |a Mandelkern, M. |e VerfasserIn |4 aut | |
| 700 | 1 | |a Dey, B. |e VerfasserIn |4 aut | |
| 700 | 1 | |a Gary, J. W. |e VerfasserIn |4 aut | |
| 700 | 1 | |a Long, O. |e VerfasserIn |4 aut | |
| 700 | 1 | |a Campagnari, C. |e VerfasserIn |4 aut | |
| 700 | 1 | |a Franco Sevilla, M. |e VerfasserIn |4 aut | |
| 700 | 1 | |a Hong, T. M. |e VerfasserIn |4 aut | |
| 700 | 1 | |a Kovalskyi, D. |e VerfasserIn |4 aut | |
| 700 | 1 | |a Richman, J. D. |e VerfasserIn |4 aut | |
| 700 | 1 | |a West, C. A. |e VerfasserIn |4 aut | |
| 700 | 1 | |a Eisner, A. M. |e VerfasserIn |4 aut | |
| 700 | 1 | |a Lockman, W. S. |e VerfasserIn |4 aut | |
| 700 | 1 | |a Schumm, B. A. |e VerfasserIn |4 aut | |
| 700 | 1 | |a Seiden, A. |e VerfasserIn |4 aut | |
| 700 | 1 | |a Chao, D. S. |e VerfasserIn |4 aut | |
| 700 | 1 | |a Cheng, C. H. |e VerfasserIn |4 aut | |
| 700 | 1 | |a Echenard, B. |e VerfasserIn |4 aut | |
| 700 | 1 | |a Flood, K. T. |e VerfasserIn |4 aut | |
| 700 | 1 | |a Hitlin, D. G. |e VerfasserIn |4 aut | |
| 700 | 1 | |a Ongmongkolkul, P. |e VerfasserIn |4 aut | |
| 700 | 1 | |a Porter, F. C. |e VerfasserIn |4 aut | |
| 700 | 1 | |a Andreassen, R. |e VerfasserIn |4 aut | |
| 700 | 1 | |a Huard, Z. |e VerfasserIn |4 aut | |
| 700 | 1 | |a Meadows, B. T. |e VerfasserIn |4 aut | |
| 700 | 1 | |a Pushpawela, B. G. |e VerfasserIn |4 aut | |
| 700 | 1 | |a Sokoloff, M. D. |e VerfasserIn |4 aut | |
| 700 | 1 | |a Sun, L. |e VerfasserIn |4 aut | |
| 700 | 1 | |a Bloom, P. C. |e VerfasserIn |4 aut | |
| 700 | 1 | |a Ford, W. T. |e VerfasserIn |4 aut | |
| 700 | 1 | |a Gaz, A. |e VerfasserIn |4 aut | |
| 700 | 1 | |a Nauenberg, U. |e VerfasserIn |4 aut | |
| 700 | 1 | |a Smith, J. G. |e VerfasserIn |4 aut | |
| 700 | 1 | |a Wagner, S. R. |e VerfasserIn |4 aut | |
| 700 | 1 | |a Ayad, R. |e VerfasserIn |4 aut | |
| 700 | 1 | |a Toki, W. H. |e VerfasserIn |4 aut | |
| 700 | 1 | |a Spaan, B. |e VerfasserIn |4 aut | |
| 700 | 1 | |a Schwierz, R. |e VerfasserIn |4 aut | |
| 700 | 1 | |a Bernard, D. |e VerfasserIn |4 aut | |
| 700 | 1 | |a Verderi, M. |e VerfasserIn |4 aut | |
| 700 | 1 | |a Playfer, S. |e VerfasserIn |4 aut | |
| 700 | 1 | |a Bettoni, D. |e VerfasserIn |4 aut | |
| 700 | 1 | |a Bozzi, C. |e VerfasserIn |4 aut | |
| 700 | 1 | |a Calabrese, R. |e VerfasserIn |4 aut | |
| 700 | 1 | |a Cibinetto, G. |e VerfasserIn |4 aut | |
| 700 | 1 | |a Fioravanti, E. |e VerfasserIn |4 aut | |
| 700 | 1 | |a Garzia, I. |e VerfasserIn |4 aut | |
| 700 | 1 | |a Luppi, E. |e VerfasserIn |4 aut | |
| 700 | 1 | |a Piemontese, L. |e VerfasserIn |4 aut | |
| 700 | 1 | |a Santoro, V. |e VerfasserIn |4 aut | |
| 700 | 1 | |a Baldini-Ferroli, R. |e VerfasserIn |4 aut | |
| 700 | 1 | |a Calcaterra, A. |e VerfasserIn |4 aut | |
| 700 | 1 | |a de Sangro, R. |e VerfasserIn |4 aut | |
| 700 | 1 | |a Finocchiaro, G. |e VerfasserIn |4 aut | |
| 700 | 1 | |a Martellotti, S. |e VerfasserIn |4 aut | |
| 700 | 1 | |a Patteri, P. |e VerfasserIn |4 aut | |
| 700 | 1 | |a Peruzzi, I. M. |e VerfasserIn |4 aut | |
| 700 | 1 | |a Piccolo, M. |e VerfasserIn |4 aut | |
| 700 | 1 | |a Rama, M. |e VerfasserIn |4 aut | |
| 700 | 1 | |a Zallo, A. |e VerfasserIn |4 aut | |
| 700 | 1 | |a Contri, R. |e VerfasserIn |4 aut | |
| 700 | 1 | |a Guido, E. |e VerfasserIn |4 aut | |
| 700 | 1 | |a Lo Vetere, M. |e VerfasserIn |4 aut | |
| 700 | 1 | |a Monge, M. R. |e VerfasserIn |4 aut | |
| 700 | 1 | |a Passaggio, S. |e VerfasserIn |4 aut | |
| 700 | 1 | |a Patrignani, C. |e VerfasserIn |4 aut | |
| 700 | 1 | |a Robutti, E. |e VerfasserIn |4 aut | |
| 700 | 1 | |a Bhuyan, B. |e VerfasserIn |4 aut | |
| 700 | 1 | |a Prasad, V. |e VerfasserIn |4 aut | |
| 700 | 1 | |a Morii, M. |e VerfasserIn |4 aut | |
| 700 | 1 | |a Adametz, Aleksandra |e VerfasserIn |0 (DE-588)1014430879 |0 (DE-627)705232115 |0 (DE-576)348804202 |4 aut | |
| 700 | 1 | |a Uwer, Ulrich |d 1965- |e VerfasserIn |0 (DE-588)172865387 |0 (DE-627)697794369 |0 (DE-576)133720837 |4 aut | |
| 700 | 1 | |a Lacker, H. M. |e VerfasserIn |4 aut | |
| 700 | 1 | |a Dauncey, P. D. |e VerfasserIn |4 aut | |
| 700 | 1 | |a Mallik, U. |e VerfasserIn |4 aut | |
| 700 | 1 | |a Chen, C. |e VerfasserIn |4 aut | |
| 700 | 1 | |a Cochran, J. |e VerfasserIn |4 aut | |
| 700 | 1 | |a Meyer, W. T. |e VerfasserIn |4 aut | |
| 700 | 1 | |a Prell, S. |e VerfasserIn |4 aut | |
| 700 | 1 | |a Ahmed, H. |e VerfasserIn |4 aut | |
| 700 | 1 | |a Gritsan, A. V. |e VerfasserIn |4 aut | |
| 700 | 1 | |a Arnaud, N. |e VerfasserIn |4 aut | |
| 700 | 1 | |a Davier, M. |e VerfasserIn |4 aut | |
| 700 | 1 | |a Derkach, D. |e VerfasserIn |4 aut | |
| 700 | 1 | |a Grosdidier, G. |e VerfasserIn |4 aut | |
| 700 | 1 | |a Le Diberder, F. |e VerfasserIn |4 aut | |
| 700 | 1 | |a Lutz, A. M. |e VerfasserIn |4 aut | |
| 700 | 1 | |a Malaescu, B. |e VerfasserIn |4 aut | |
| 700 | 1 | |a Roudeau, P. |e VerfasserIn |4 aut | |
| 700 | 1 | |a Stocchi, A. |e VerfasserIn |4 aut | |
| 700 | 1 | |a Wormser, G. |e VerfasserIn |4 aut | |
| 700 | 1 | |a Lange, D. J. |e VerfasserIn |4 aut | |
| 700 | 1 | |a Wright, D. M. |e VerfasserIn |4 aut | |
| 700 | 1 | |a Coleman, J. P. |e VerfasserIn |4 aut | |
| 700 | 1 | |a Fry, J. R. |e VerfasserIn |4 aut | |
| 700 | 1 | |a Gabathuler, E. |e VerfasserIn |4 aut | |
| 700 | 1 | |a Hutchcroft, D. E. |e VerfasserIn |4 aut | |
| 700 | 1 | |a Payne, D. J. |e VerfasserIn |4 aut | |
| 700 | 1 | |a Touramanis, C. |e VerfasserIn |4 aut | |
| 700 | 1 | |a Bevan, A. J. |e VerfasserIn |4 aut | |
| 700 | 1 | |a Di Lodovico, F. |e VerfasserIn |4 aut | |
| 700 | 1 | |a Sacco, R. |e VerfasserIn |4 aut | |
| 700 | 1 | |a Cowan, G. |e VerfasserIn |4 aut | |
| 700 | 1 | |a Bougher, J. |e VerfasserIn |4 aut | |
| 700 | 1 | |a Davis, C. L. |e VerfasserIn |4 aut | |
| 700 | 1 | |a Denig, A. G. |e VerfasserIn |4 aut | |
| 700 | 1 | |a Fritsch, M. |e VerfasserIn |4 aut | |
| 700 | 1 | |a Gradl, W. |e VerfasserIn |4 aut | |
| 700 | 1 | |a Griessinger, K. |e VerfasserIn |4 aut | |
| 700 | 1 | |a Hafner, A. |e VerfasserIn |4 aut | |
| 700 | 1 | |a Prencipe, E. |e VerfasserIn |4 aut | |
| 700 | 1 | |a Schubert, K. R. |e VerfasserIn |4 aut | |
| 700 | 1 | |a Barlow, R. J. |e VerfasserIn |4 aut | |
| 700 | 1 | |a Lafferty, G. D. |e VerfasserIn |4 aut | |
| 700 | 1 | |a Behn, E. |e VerfasserIn |4 aut | |
| 700 | 1 | |a Cenci, R. |e VerfasserIn |4 aut | |
| 700 | 1 | |a Hamilton, B. |e VerfasserIn |4 aut | |
| 700 | 1 | |a Jawahery, A. |e VerfasserIn |4 aut | |
| 700 | 1 | |a Roberts, D. A. |e VerfasserIn |4 aut | |
| 700 | 1 | |a Cowan, R. |e VerfasserIn |4 aut | |
| 700 | 1 | |a Dujmic, D. |e VerfasserIn |4 aut | |
| 700 | 1 | |a Sciolla, G. |e VerfasserIn |4 aut | |
| 700 | 1 | |a Cheaib, R. |e VerfasserIn |4 aut | |
| 700 | 1 | |a Patel, P. M. |e VerfasserIn |4 aut | |
| 700 | 1 | |a Robertson, S. H. |e VerfasserIn |4 aut | |
| 700 | 1 | |a Biassoni, P. |e VerfasserIn |4 aut | |
| 700 | 1 | |a Neri, N. |e VerfasserIn |4 aut | |
| 700 | 1 | |a Palombo, F. |e VerfasserIn |4 aut | |
| 700 | 1 | |a Cremaldi, L. |e VerfasserIn |4 aut | |
| 700 | 1 | |a Godang, R. |e VerfasserIn |4 aut | |
| 700 | 1 | |a Sonnek, P. |e VerfasserIn |4 aut | |
| 700 | 1 | |a Summers, D. J. |e VerfasserIn |4 aut | |
| 700 | 1 | |a Simard, M. |e VerfasserIn |4 aut | |
| 700 | 1 | |a Taras, P. |e VerfasserIn |4 aut | |
| 700 | 1 | |a De Nardo, G. |e VerfasserIn |4 aut | |
| 700 | 1 | |a Monorchio, D. |e VerfasserIn |4 aut | |
| 700 | 1 | |a Onorato, G. |e VerfasserIn |4 aut | |
| 700 | 1 | |a Sciacca, C. |e VerfasserIn |4 aut | |
| 700 | 1 | |a Martinelli, M. |e VerfasserIn |4 aut | |
| 700 | 1 | |a Raven, G. |e VerfasserIn |4 aut | |
| 700 | 1 | |a Jessop, C. P. |e VerfasserIn |4 aut | |
| 700 | 1 | |a LoSecco, J. M. |e VerfasserIn |4 aut | |
| 700 | 1 | |a Honscheid, K. |e VerfasserIn |4 aut | |
| 700 | 1 | |a Kass, R. |e VerfasserIn |4 aut | |
| 700 | 1 | |a Brau, J. |e VerfasserIn |4 aut | |
| 700 | 1 | |a Frey, R. |e VerfasserIn |4 aut | |
| 700 | 1 | |a Sinev, N. B. |e VerfasserIn |4 aut | |
| 700 | 1 | |a Strom, D. |e VerfasserIn |4 aut | |
| 700 | 1 | |a Torrence, E. |e VerfasserIn |4 aut | |
| 700 | 1 | |a Feltresi, E. |e VerfasserIn |4 aut | |
| 700 | 1 | |a Margoni, M. |e VerfasserIn |4 aut | |
| 700 | 1 | |a Morandin, M. |e VerfasserIn |4 aut | |
| 700 | 1 | |a Posocco, M. |e VerfasserIn |4 aut | |
| 700 | 1 | |a Rotondo, M. |e VerfasserIn |4 aut | |
| 700 | 1 | |a Simi, G. |e VerfasserIn |4 aut | |
| 700 | 1 | |a Simonetto, F. |e VerfasserIn |4 aut | |
| 700 | 1 | |a Stroili, R. |e VerfasserIn |4 aut | |
| 700 | 1 | |a Akar, S. |e VerfasserIn |4 aut | |
| 700 | 1 | |a Ben-Haim, E. |e VerfasserIn |4 aut | |
| 700 | 1 | |a Bomben, M. |e VerfasserIn |4 aut | |
| 700 | 1 | |a Bonneaud, G. R. |e VerfasserIn |4 aut | |
| 700 | 1 | |a Briand, H. |e VerfasserIn |4 aut | |
| 700 | 1 | |a Calderini, G. |e VerfasserIn |4 aut | |
| 700 | 1 | |a Chauveau, J. |e VerfasserIn |4 aut | |
| 700 | 1 | |a Leruste, Ph. |e VerfasserIn |4 aut | |
| 700 | 1 | |a Marchiori, G. |e VerfasserIn |4 aut | |
| 700 | 1 | |a Ocariz, J. |e VerfasserIn |4 aut | |
| 700 | 1 | |a Sitt, S. |e VerfasserIn |4 aut | |
| 700 | 1 | |a Biasini, M. |e VerfasserIn |4 aut | |
| 700 | 1 | |a Manoni, E. |e VerfasserIn |4 aut | |
| 700 | 1 | |a Pacetti, S. |e VerfasserIn |4 aut | |
| 700 | 1 | |a Rossi, A. |e VerfasserIn |4 aut | |
| 700 | 1 | |a Angelini, C. |e VerfasserIn |4 aut | |
| 700 | 1 | |a Batignani, G. |e VerfasserIn |4 aut | |
| 700 | 1 | |a Bettarini, S. |e VerfasserIn |4 aut | |
| 700 | 1 | |a Carpinelli, M. |e VerfasserIn |4 aut | |
| 700 | 1 | |a Casarosa, G. |e VerfasserIn |4 aut | |
| 700 | 1 | |a Cervelli, A. |e VerfasserIn |4 aut | |
| 700 | 1 | |a Forti, F. |e VerfasserIn |4 aut | |
| 700 | 1 | |a Giorgi, M. A. |e VerfasserIn |4 aut | |
| 700 | 1 | |a Lusiani, A. |e VerfasserIn |4 aut | |
| 700 | 1 | |a Oberhof, B. |e VerfasserIn |4 aut | |
| 700 | 1 | |a Paoloni, E. |e VerfasserIn |4 aut | |
| 700 | 1 | |a Perez, A. |e VerfasserIn |4 aut | |
| 700 | 1 | |a Rizzo, G. |e VerfasserIn |4 aut | |
| 700 | 1 | |a Walsh, J. J. |e VerfasserIn |4 aut | |
| 700 | 1 | |a Lopes Pegna, D. |e VerfasserIn |4 aut | |
| 700 | 1 | |a Olsen, J. |e VerfasserIn |4 aut | |
| 700 | 1 | |a Smith, A. J. S. |e VerfasserIn |4 aut | |
| 700 | 1 | |a Faccini, R. |e VerfasserIn |4 aut | |
| 700 | 1 | |a Ferrarotto, F. |e VerfasserIn |4 aut | |
| 700 | 1 | |a Ferroni, F. |e VerfasserIn |4 aut | |
| 700 | 1 | |a Gaspero, M. |e VerfasserIn |4 aut | |
| 700 | 1 | |a Li Gioi, L. |e VerfasserIn |4 aut | |
| 700 | 1 | |a Piredda, G. |e VerfasserIn |4 aut | |
| 700 | 1 | |a Bünger, C. |e VerfasserIn |4 aut | |
| 700 | 1 | |a Grünberg, O. |e VerfasserIn |4 aut | |
| 700 | 1 | |a Hartmann, T. |e VerfasserIn |4 aut | |
| 700 | 1 | |8 1\p |a Leddig, Torsten |d 1984- |e VerfasserIn |0 (DE-588)1030023654 |0 (DE-627)734616821 |0 (DE-576)377844179 |4 aut | |
| 700 | 1 | |8 2\p |a Voß, Christian |d 1985- |e VerfasserIn |0 (DE-588)1030110395 |0 (DE-627)734802757 |0 (DE-576)377917583 |4 aut | |
| 700 | 1 | |8 3\p |a Waldi, Roland |d 1954- |e VerfasserIn |0 (DE-588)1030112452 |0 (DE-627)734805373 |0 (DE-576)37791987X |4 aut | |
| 700 | 1 | |a Adye, T. |e VerfasserIn |4 aut | |
| 700 | 1 | |a Olaiya, E. O. |e VerfasserIn |4 aut | |
| 700 | 1 | |a Wilson, F. F. |e VerfasserIn |4 aut | |
| 700 | 1 | |a Emery, S. |e VerfasserIn |4 aut | |
| 700 | 1 | |a Hamel de Monchenault, G. |e VerfasserIn |4 aut | |
| 700 | 1 | |a Vasseur, G. |e VerfasserIn |4 aut | |
| 700 | 1 | |a Yèche, Ch. |e VerfasserIn |4 aut | |
| 700 | 1 | |a Anulli, F. |e VerfasserIn |4 aut | |
| 700 | 1 | |a Aston, D. |e VerfasserIn |4 aut | |
| 700 | 1 | |a Bard, D. J. |e VerfasserIn |4 aut | |
| 700 | 1 | |a Benitez, J. F. |e VerfasserIn |4 aut | |
| 700 | 1 | |a Cartaro, C. |e VerfasserIn |4 aut | |
| 700 | 1 | |a Convery, M. R. |e VerfasserIn |4 aut | |
| 700 | 1 | |a Dorfan, J. |e VerfasserIn |4 aut | |
| 700 | 1 | |a Dubois-Felsmann, G. P. |e VerfasserIn |4 aut | |
| 700 | 1 | |a Dunwoodie, W. |e VerfasserIn |4 aut | |
| 700 | 1 | |a Ebert, M. |e VerfasserIn |4 aut | |
| 700 | 1 | |a Field, R. C. |e VerfasserIn |4 aut | |
| 700 | 1 | |a Fulsom, B. G. |e VerfasserIn |4 aut | |
| 700 | 1 | |a Gabareen, A. M. |e VerfasserIn |4 aut | |
| 700 | 1 | |a Graham, M. T. |e VerfasserIn |4 aut | |
| 700 | 1 | |a Hast, C. |e VerfasserIn |4 aut | |
| 700 | 1 | |a Innes, W. R. |e VerfasserIn |4 aut | |
| 700 | 1 | |a Kim, P. |e VerfasserIn |4 aut | |
| 700 | 1 | |a Kocian, M. L. |e VerfasserIn |4 aut | |
| 700 | 1 | |a Leith, D. W. G. S. |e VerfasserIn |4 aut | |
| 700 | 1 | |a Lewis, P. |e VerfasserIn |4 aut | |
| 700 | 1 | |a Lindemann, D. |e VerfasserIn |4 aut | |
| 700 | 1 | |a Lindquist, B. |e VerfasserIn |4 aut | |
| 700 | 1 | |a Luitz, S. |e VerfasserIn |4 aut | |
| 700 | 1 | |a Luth, V. |e VerfasserIn |4 aut | |
| 700 | 1 | |a Lynch, H. L. |e VerfasserIn |4 aut | |
| 700 | 1 | |a MacFarlane, D. B. |e VerfasserIn |4 aut | |
| 700 | 1 | |a Muller, D. R. |e VerfasserIn |4 aut | |
| 700 | 1 | |a Neal, H. |e VerfasserIn |4 aut | |
| 700 | 1 | |a Nelson, S. |e VerfasserIn |4 aut | |
| 700 | 1 | |a Perl, M. |e VerfasserIn |4 aut | |
| 700 | 1 | |a Pulliam, T. |e VerfasserIn |4 aut | |
| 700 | 1 | |a Ratcliff, B. N. |e VerfasserIn |4 aut | |
| 700 | 1 | |a Roodman, A. |e VerfasserIn |4 aut | |
| 700 | 1 | |a Salnikov, A. A. |e VerfasserIn |4 aut | |
| 700 | 1 | |a Schindler, R. H. |e VerfasserIn |4 aut | |
| 700 | 1 | |a Snyder, A. |e VerfasserIn |4 aut | |
| 700 | 1 | |a Su, D. |e VerfasserIn |4 aut | |
| 700 | 1 | |a Sullivan, M. K. |e VerfasserIn |4 aut | |
| 700 | 1 | |a Va’vra, J. |e VerfasserIn |4 aut | |
| 700 | 1 | |a Wagner, A. P. |e VerfasserIn |4 aut | |
| 700 | 1 | |a Wang, W. F. |e VerfasserIn |4 aut | |
| 700 | 1 | |a Wisniewski, W. J. |e VerfasserIn |4 aut | |
| 700 | 1 | |a Wittgen, M. |e VerfasserIn |4 aut | |
| 700 | 1 | |a Wright, D. H. |e VerfasserIn |4 aut | |
| 700 | 1 | |a Wulsin, H. W. |e VerfasserIn |4 aut | |
| 700 | 1 | |a Ziegler, V. |e VerfasserIn |4 aut | |
| 700 | 1 | |a Park, W. |e VerfasserIn |4 aut | |
| 700 | 1 | |a Purohit, M. V. |e VerfasserIn |4 aut | |
| 700 | 1 | |a White, R. M. |e VerfasserIn |4 aut | |
| 700 | 1 | |a Wilson, J. R. |e VerfasserIn |4 aut | |
| 700 | 1 | |a Randle-Conde, A. |e VerfasserIn |4 aut | |
| 700 | 1 | |a Sekula, S. J. |e VerfasserIn |4 aut | |
| 700 | 1 | |a Bellis, M. |e VerfasserIn |4 aut | |
| 700 | 1 | |a Burchat, P. R. |e VerfasserIn |4 aut | |
| 700 | 1 | |a Miyashita, T. S. |e VerfasserIn |4 aut | |
| 700 | 1 | |a Puccio, E. M. T. |e VerfasserIn |4 aut | |
| 700 | 1 | |a Alam, M. S. |e VerfasserIn |4 aut | |
| 700 | 1 | |a Ernst, J. A. |e VerfasserIn |4 aut | |
| 700 | 1 | |a Gorodeisky, R. |e VerfasserIn |4 aut | |
| 700 | 1 | |a Guttman, N. |e VerfasserIn |4 aut | |
| 700 | 1 | |a Peimer, D. R. |e VerfasserIn |4 aut | |
| 700 | 1 | |a Soffer, A. |e VerfasserIn |4 aut | |
| 700 | 1 | |a Spanier, S. M. |e VerfasserIn |4 aut | |
| 700 | 1 | |a Ritchie, J. L. |e VerfasserIn |4 aut | |
| 700 | 1 | |a Ruland, A. M. |e VerfasserIn |4 aut | |
| 700 | 1 | |a Schwitters, R. F. |e VerfasserIn |4 aut | |
| 700 | 1 | |a Wray, B. C. |e VerfasserIn |4 aut | |
| 700 | 1 | |a Izen, J. M. |e VerfasserIn |4 aut | |
| 700 | 1 | |a Lou, X. C. |e VerfasserIn |4 aut | |
| 700 | 1 | |a Bianchi, F. |e VerfasserIn |4 aut | |
| 700 | 1 | |a De Mori, F. |e VerfasserIn |4 aut | |
| 700 | 1 | |a Filippi, A. |e VerfasserIn |4 aut | |
| 700 | 1 | |a Gamba, D. |e VerfasserIn |4 aut | |
| 700 | 1 | |a Zambito, S. |e VerfasserIn |4 aut | |
| 700 | 1 | |a Lanceri, L. |e VerfasserIn |4 aut | |
| 700 | 1 | |a Vitale, L. |e VerfasserIn |4 aut | |
| 700 | 1 | |a Martinez-Vidal, F. |e VerfasserIn |4 aut | |
| 700 | 1 | |a Oyanguren, A. |e VerfasserIn |4 aut | |
| 700 | 1 | |a Villanueva-Perez, P. |e VerfasserIn |4 aut | |
| 700 | 1 | |a Albert, J. |e VerfasserIn |4 aut | |
| 700 | 1 | |a Banerjee, Sw. |e VerfasserIn |4 aut | |
| 700 | 1 | |a Bernlochner, F. U. |e VerfasserIn |4 aut | |
| 700 | 1 | |a Choi, H. H. F. |e VerfasserIn |4 aut | |
| 700 | 1 | |a King, G. J. |e VerfasserIn |4 aut | |
| 700 | 1 | |a Kowalewski, R. |e VerfasserIn |4 aut | |
| 700 | 1 | |a Lewczuk, M. J. |e VerfasserIn |4 aut | |
| 700 | 1 | |a Lueck, T. |e VerfasserIn |4 aut | |
| 700 | 1 | |a Nugent, I. M. |e VerfasserIn |4 aut | |
| 700 | 1 | |a Roney, J. M. |e VerfasserIn |4 aut | |
| 700 | 1 | |a Sobie, R. J. |e VerfasserIn |4 aut | |
| 700 | 1 | |a Tasneem, N. |e VerfasserIn |4 aut | |
| 700 | 1 | |a Gershon, T. J. |e VerfasserIn |4 aut | |
| 700 | 1 | |a Harrison, P. F. |e VerfasserIn |4 aut | |
| 700 | 1 | |a Latham, T. E. |e VerfasserIn |4 aut | |
| 700 | 1 | |a Band, H. R. |e VerfasserIn |4 aut | |
| 700 | 1 | |a Dasu, S. |e VerfasserIn |4 aut | |
| 700 | 1 | |a Pan, Y. |e VerfasserIn |4 aut | |
| 700 | 1 | |a Prepost, R. |e VerfasserIn |4 aut | |
| 700 | 1 | |a Wu, S. L. |e VerfasserIn |4 aut | |
| 773 | 0 | 8 | |i Enthalten in |t Physical review. D, Particles, fields, gravitation, and cosmology |d [Erscheinungsort nicht ermittelbar] : Soc., 1970 |g 90(2014,9) Artikel-Nummer 092001, 12 Seiten |h Online-Ressource |w (DE-627)253787017 |w (DE-600)1461167-3 |w (DE-576)07279531X |x 1550-2368 |7 nnas |a Measurements of direct CP asymmetries in B → Xsγ decays using sum of exclusive decays |
| 773 | 1 | 8 | |g volume:90 |g year:2014 |g number:9 |g extent:12 |a Measurements of direct CP asymmetries in B → Xsγ decays using sum of exclusive decays |
| 776 | 0 | 8 | |i Erscheint auch als |n Druck-Ausgabe |a BABAR Collaboration |t Measurements of direct CP asymmetries in B →xsγ decays using sum of exclusive decays |d 2014 |w (DE-627)812562488 |w (DE-576)9812562486 |
| 856 | 4 | 0 | |u https://doi.org/10.1103/PhysRevD.90.092001 |x Verlag |x Resolving-System |z lizenzpflichtig |3 Volltext |
| 856 | 4 | 0 | |u https://link.aps.org/doi/10.1103/PhysRevD.90.092001 |x Verlag |z lizenzpflichtig |3 Volltext |
| 883 | |8 1\p |a cgwrk |d 20250301 |q DE-101 |u https://d-nb.info/provenance/plan#cgwrk | ||
| 883 | |8 2\p |a cgwrk |d 20250301 |q DE-101 |u https://d-nb.info/provenance/plan#cgwrk | ||
| 883 | |8 3\p |a cgwrk |d 20250301 |q DE-101 |u https://d-nb.info/provenance/plan#cgwrk | ||
| 951 | |a AR | ||
| 992 | |a 20210413 | ||
| 993 | |a Article | ||
| 994 | |a 2014 | ||
| 998 | |g 172865387 |a Uwer, Ulrich |m 172865387:Uwer, Ulrich |d 130000 |d 130200 |e 130000PU172865387 |e 130200PU172865387 |k 0/130000/ |k 1/130000/130200/ |p 103 | ||
| 998 | |g 1014430879 |a Adametz, Aleksandra |m 1014430879:Adametz, Aleksandra |d 910000 |d 950000 |d 950950 |e 910000PA1014430879 |e 950000PA1014430879 |e 950950PA1014430879 |k 0/910000/ |k 1/910000/950000/ |k 2/910000/950000/950950/ |p 102 | ||
| 999 | |a KXP-PPN1753940044 |e 3906662683 | ||
| BIB | |a Y | ||
| SER | |a journal | ||
| JSO | |a {"id":{"doi":["10.1103/PhysRevD.90.092001"],"eki":["1753940044"]},"relHost":[{"pubHistory":["3.Ser. 1.1970 - 92.2015"],"note":["ISSN-Portal 1089-4918: Particles and fields","Gesehen am 22. Januar 2016"],"title":[{"partname":"Particles, fields, gravitation, and cosmology","title_sort":"Physical review","title":"Physical review"}],"corporate":[{"display":"American Institute of Physics","role":"isb"},{"role":"isb","display":"American Physical Society"}],"origin":[{"publisher":"Soc.","dateIssuedKey":"1970","publisherPlace":"[Erscheinungsort nicht ermittelbar]","dateIssuedDisp":"1970-2015"}],"name":{"displayForm":["publ. by the American Physical Society through the American Institute of Physics"]},"part":{"year":"2014","volume":"90","text":"90(2014,9) Artikel-Nummer 092001, 12 Seiten","extent":"12","issue":"9"},"language":["eng"],"physDesc":[{"extent":"Online-Ressource"}],"type":{"bibl":"periodical","media":"Online-Ressource"},"recId":"253787017","titleAlt":[{"title":"Physical review / D"},{"title":"D online"}],"id":{"issn":["1550-2368","1089-4918"],"eki":["253787017"],"zdb":["1461167-3"]},"disp":"Measurements of direct CP asymmetries in B → Xsγ decays using sum of exclusive decaysPhysical review. D, Particles, fields, gravitation, and cosmology"}],"titleAlt":[{"title":"Measurements of direct CP asymmetries in B →xsγ decays using sum of exclusive decays"},{"title":"Measurements of direct CP asymmetries in B → Xs gamma decays using sum of exclusive decays"}],"recId":"1753940044","type":{"media":"Online-Ressource","bibl":"article-journal"},"person":[{"display":"Lees, Jean-Pierre","role":"aut","family":"Lees","given":"Jean-Pierre"},{"role":"aut","family":"Poireau","given":"V.","display":"Poireau, V."},{"display":"Tisserand, V.","family":"Tisserand","given":"V.","role":"aut"},{"display":"Grauges, E.","role":"aut","family":"Grauges","given":"E."},{"role":"aut","given":"A.","family":"Palano","display":"Palano, A."},{"display":"Eigen, G.","role":"aut","family":"Eigen","given":"G."},{"family":"Stugu","given":"B.","role":"aut","display":"Stugu, B."},{"family":"Brown","given":"D. N.","role":"aut","display":"Brown, D. N."},{"role":"aut","given":"L. T.","family":"Kerth","display":"Kerth, L. T."},{"role":"aut","family":"Kolomensky","given":"Yu. G.","display":"Kolomensky, Yu. G."},{"display":"Lee, M. J.","family":"Lee","given":"M. J.","role":"aut"},{"role":"aut","family":"Lynch","given":"G.","display":"Lynch, G."},{"family":"Koch","given":"H.","role":"aut","display":"Koch, H."},{"display":"Schroeder, T.","family":"Schroeder","given":"T.","role":"aut"},{"display":"Hearty, C.","role":"aut","family":"Hearty","given":"C."},{"role":"aut","given":"T. S.","family":"Mattison","display":"Mattison, T. S."},{"display":"McKenna, J. A.","role":"aut","given":"J. A.","family":"McKenna"},{"display":"So, R. Y.","role":"aut","given":"R. Y.","family":"So"},{"role":"aut","family":"Khan","given":"A.","display":"Khan, A."},{"family":"Blinov","given":"V. E.","role":"aut","display":"Blinov, V. E."},{"display":"Buzykaev, A. R.","role":"aut","given":"A. R.","family":"Buzykaev"},{"display":"Druzhinin, V. P.","role":"aut","given":"V. P.","family":"Druzhinin"},{"display":"Golubev, V. B.","family":"Golubev","given":"V. B.","role":"aut"},{"given":"E. A.","family":"Kravchenko","role":"aut","display":"Kravchenko, E. A."},{"display":"Onuchin, A. P.","role":"aut","family":"Onuchin","given":"A. P."},{"role":"aut","family":"Serednyakov","given":"S. I.","display":"Serednyakov, S. I."},{"given":"Yu. I.","family":"Skovpen","role":"aut","display":"Skovpen, Yu. I."},{"display":"Solodov, E. P.","role":"aut","family":"Solodov","given":"E. P."},{"display":"Todyshev, K. Yu.","given":"K. Yu.","family":"Todyshev","role":"aut"},{"role":"aut","family":"Yushkov","given":"A. N.","display":"Yushkov, A. N."},{"given":"D.","family":"Kirkby","role":"aut","display":"Kirkby, D."},{"role":"aut","family":"Lankford","given":"A. J.","display":"Lankford, A. J."},{"display":"Mandelkern, M.","role":"aut","family":"Mandelkern","given":"M."},{"role":"aut","family":"Dey","given":"B.","display":"Dey, B."},{"display":"Gary, J. W.","role":"aut","family":"Gary","given":"J. W."},{"family":"Long","given":"O.","role":"aut","display":"Long, O."},{"role":"aut","family":"Campagnari","given":"C.","display":"Campagnari, C."},{"role":"aut","given":"M.","family":"Franco Sevilla","display":"Franco Sevilla, M."},{"family":"Hong","given":"T. M.","role":"aut","display":"Hong, T. M."},{"role":"aut","given":"D.","family":"Kovalskyi","display":"Kovalskyi, D."},{"role":"aut","family":"Richman","given":"J. D.","display":"Richman, J. D."},{"given":"C. A.","family":"West","role":"aut","display":"West, C. A."},{"family":"Eisner","given":"A. M.","role":"aut","display":"Eisner, A. M."},{"role":"aut","family":"Lockman","given":"W. S.","display":"Lockman, W. S."},{"role":"aut","family":"Schumm","given":"B. A.","display":"Schumm, B. A."},{"display":"Seiden, A.","role":"aut","given":"A.","family":"Seiden"},{"role":"aut","given":"D. S.","family":"Chao","display":"Chao, D. S."},{"display":"Cheng, C. H.","given":"C. H.","family":"Cheng","role":"aut"},{"display":"Echenard, B.","role":"aut","family":"Echenard","given":"B."},{"display":"Flood, K. T.","given":"K. T.","family":"Flood","role":"aut"},{"display":"Hitlin, D. G.","given":"D. G.","family":"Hitlin","role":"aut"},{"role":"aut","family":"Ongmongkolkul","given":"P.","display":"Ongmongkolkul, P."},{"role":"aut","family":"Porter","given":"F. C.","display":"Porter, F. C."},{"role":"aut","family":"Andreassen","given":"R.","display":"Andreassen, R."},{"role":"aut","given":"Z.","family":"Huard","display":"Huard, Z."},{"display":"Meadows, B. T.","given":"B. T.","family":"Meadows","role":"aut"},{"display":"Pushpawela, B. G.","role":"aut","given":"B. G.","family":"Pushpawela"},{"display":"Sokoloff, M. D.","given":"M. D.","family":"Sokoloff","role":"aut"},{"display":"Sun, L.","role":"aut","family":"Sun","given":"L."},{"display":"Bloom, P. C.","family":"Bloom","given":"P. C.","role":"aut"},{"display":"Ford, W. T.","given":"W. T.","family":"Ford","role":"aut"},{"display":"Gaz, A.","family":"Gaz","given":"A.","role":"aut"},{"given":"U.","family":"Nauenberg","role":"aut","display":"Nauenberg, U."},{"display":"Smith, J. G.","role":"aut","family":"Smith","given":"J. G."},{"display":"Wagner, S. R.","family":"Wagner","given":"S. R.","role":"aut"},{"display":"Ayad, R.","family":"Ayad","given":"R.","role":"aut"},{"display":"Toki, W. H.","family":"Toki","given":"W. H.","role":"aut"},{"display":"Spaan, B.","role":"aut","family":"Spaan","given":"B."},{"role":"aut","given":"R.","family":"Schwierz","display":"Schwierz, R."},{"display":"Bernard, D.","family":"Bernard","given":"D.","role":"aut"},{"role":"aut","given":"M.","family":"Verderi","display":"Verderi, M."},{"display":"Playfer, S.","family":"Playfer","given":"S.","role":"aut"},{"display":"Bettoni, D.","role":"aut","given":"D.","family":"Bettoni"},{"display":"Bozzi, C.","given":"C.","family":"Bozzi","role":"aut"},{"display":"Calabrese, R.","role":"aut","given":"R.","family":"Calabrese"},{"role":"aut","given":"G.","family":"Cibinetto","display":"Cibinetto, G."},{"display":"Fioravanti, E.","role":"aut","given":"E.","family":"Fioravanti"},{"display":"Garzia, I.","role":"aut","given":"I.","family":"Garzia"},{"display":"Luppi, E.","family":"Luppi","given":"E.","role":"aut"},{"family":"Piemontese","given":"L.","role":"aut","display":"Piemontese, L."},{"role":"aut","family":"Santoro","given":"V.","display":"Santoro, V."},{"given":"R.","family":"Baldini-Ferroli","role":"aut","display":"Baldini-Ferroli, R."},{"role":"aut","family":"Calcaterra","given":"A.","display":"Calcaterra, A."},{"display":"de Sangro, R.","family":"de Sangro","given":"R.","role":"aut"},{"display":"Finocchiaro, G.","role":"aut","given":"G.","family":"Finocchiaro"},{"given":"S.","family":"Martellotti","role":"aut","display":"Martellotti, S."},{"family":"Patteri","given":"P.","role":"aut","display":"Patteri, P."},{"role":"aut","family":"Peruzzi","given":"I. M.","display":"Peruzzi, I. M."},{"role":"aut","family":"Piccolo","given":"M.","display":"Piccolo, M."},{"display":"Rama, M.","role":"aut","family":"Rama","given":"M."},{"display":"Zallo, A.","role":"aut","given":"A.","family":"Zallo"},{"display":"Contri, R.","role":"aut","given":"R.","family":"Contri"},{"given":"E.","family":"Guido","role":"aut","display":"Guido, E."},{"display":"Lo Vetere, M.","family":"Lo Vetere","given":"M.","role":"aut"},{"family":"Monge","given":"M. R.","role":"aut","display":"Monge, M. R."},{"display":"Passaggio, S.","role":"aut","given":"S.","family":"Passaggio"},{"display":"Patrignani, C.","role":"aut","family":"Patrignani","given":"C."},{"display":"Robutti, E.","role":"aut","given":"E.","family":"Robutti"},{"display":"Bhuyan, B.","role":"aut","family":"Bhuyan","given":"B."},{"given":"V.","family":"Prasad","role":"aut","display":"Prasad, V."},{"display":"Morii, M.","family":"Morii","given":"M.","role":"aut"},{"display":"Adametz, | ||
| JSO | |a Aleksandra","role":"aut","family":"Adametz","given":"Aleksandra"},{"given":"Ulrich","family":"Uwer","role":"aut","display":"Uwer, Ulrich"},{"display":"Lacker, H. M.","role":"aut","given":"H. M.","family":"Lacker"},{"family":"Dauncey","given":"P. D.","role":"aut","display":"Dauncey, P. D."},{"role":"aut","family":"Mallik","given":"U.","display":"Mallik, U."},{"family":"Chen","given":"C.","role":"aut","display":"Chen, C."},{"display":"Cochran, J.","role":"aut","given":"J.","family":"Cochran"},{"role":"aut","family":"Meyer","given":"W. T.","display":"Meyer, W. T."},{"display":"Prell, S.","given":"S.","family":"Prell","role":"aut"},{"role":"aut","given":"H.","family":"Ahmed","display":"Ahmed, H."},{"display":"Gritsan, A. V.","family":"Gritsan","given":"A. V.","role":"aut"},{"family":"Arnaud","given":"N.","role":"aut","display":"Arnaud, N."},{"display":"Davier, M.","role":"aut","family":"Davier","given":"M."},{"family":"Derkach","given":"D.","role":"aut","display":"Derkach, D."},{"family":"Grosdidier","given":"G.","role":"aut","display":"Grosdidier, G."},{"display":"Le Diberder, F.","given":"F.","family":"Le Diberder","role":"aut"},{"role":"aut","given":"A. M.","family":"Lutz","display":"Lutz, A. M."},{"family":"Malaescu","given":"B.","role":"aut","display":"Malaescu, B."},{"given":"P.","family":"Roudeau","role":"aut","display":"Roudeau, P."},{"display":"Stocchi, A.","family":"Stocchi","given":"A.","role":"aut"},{"role":"aut","family":"Wormser","given":"G.","display":"Wormser, G."},{"display":"Lange, D. J.","family":"Lange","given":"D. J.","role":"aut"},{"display":"Wright, D. M.","role":"aut","family":"Wright","given":"D. M."},{"role":"aut","given":"J. P.","family":"Coleman","display":"Coleman, J. P."},{"given":"J. R.","family":"Fry","role":"aut","display":"Fry, J. R."},{"given":"E.","family":"Gabathuler","role":"aut","display":"Gabathuler, E."},{"role":"aut","family":"Hutchcroft","given":"D. E.","display":"Hutchcroft, D. E."},{"role":"aut","given":"D. J.","family":"Payne","display":"Payne, D. J."},{"family":"Touramanis","given":"C.","role":"aut","display":"Touramanis, C."},{"given":"A. J.","family":"Bevan","role":"aut","display":"Bevan, A. J."},{"display":"Di Lodovico, F.","role":"aut","given":"F.","family":"Di Lodovico"},{"role":"aut","given":"R.","family":"Sacco","display":"Sacco, R."},{"display":"Cowan, G.","role":"aut","given":"G.","family":"Cowan"},{"display":"Bougher, J.","role":"aut","given":"J.","family":"Bougher"},{"display":"Davis, C. L.","given":"C. L.","family":"Davis","role":"aut"},{"display":"Denig, A. G.","family":"Denig","given":"A. G.","role":"aut"},{"role":"aut","given":"M.","family":"Fritsch","display":"Fritsch, M."},{"display":"Gradl, W.","family":"Gradl","given":"W.","role":"aut"},{"family":"Griessinger","given":"K.","role":"aut","display":"Griessinger, K."},{"display":"Hafner, A.","family":"Hafner","given":"A.","role":"aut"},{"display":"Prencipe, E.","given":"E.","family":"Prencipe","role":"aut"},{"role":"aut","family":"Schubert","given":"K. R.","display":"Schubert, K. R."},{"display":"Barlow, R. J.","given":"R. J.","family":"Barlow","role":"aut"},{"display":"Lafferty, G. D.","role":"aut","family":"Lafferty","given":"G. D."},{"family":"Behn","given":"E.","role":"aut","display":"Behn, E."},{"display":"Cenci, R.","family":"Cenci","given":"R.","role":"aut"},{"display":"Hamilton, B.","family":"Hamilton","given":"B.","role":"aut"},{"display":"Jawahery, A.","role":"aut","given":"A.","family":"Jawahery"},{"display":"Roberts, D. A.","family":"Roberts","given":"D. A.","role":"aut"},{"given":"R.","family":"Cowan","role":"aut","display":"Cowan, R."},{"given":"D.","family":"Dujmic","role":"aut","display":"Dujmic, D."},{"role":"aut","given":"G.","family":"Sciolla","display":"Sciolla, G."},{"display":"Cheaib, R.","role":"aut","given":"R.","family":"Cheaib"},{"given":"P. M.","family":"Patel","role":"aut","display":"Patel, P. M."},{"family":"Robertson","given":"S. H.","role":"aut","display":"Robertson, S. H."},{"display":"Biassoni, P.","given":"P.","family":"Biassoni","role":"aut"},{"role":"aut","family":"Neri","given":"N.","display":"Neri, N."},{"display":"Palombo, F.","role":"aut","given":"F.","family":"Palombo"},{"display":"Cremaldi, L.","role":"aut","family":"Cremaldi","given":"L."},{"display":"Godang, R.","role":"aut","given":"R.","family":"Godang"},{"role":"aut","given":"P.","family":"Sonnek","display":"Sonnek, P."},{"role":"aut","given":"D. J.","family":"Summers","display":"Summers, D. J."},{"role":"aut","given":"M.","family":"Simard","display":"Simard, M."},{"display":"Taras, P.","family":"Taras","given":"P.","role":"aut"},{"display":"De Nardo, G.","role":"aut","family":"De Nardo","given":"G."},{"display":"Monorchio, D.","given":"D.","family":"Monorchio","role":"aut"},{"display":"Onorato, G.","role":"aut","given":"G.","family":"Onorato"},{"display":"Sciacca, C.","role":"aut","family":"Sciacca","given":"C."},{"given":"M.","family":"Martinelli","role":"aut","display":"Martinelli, M."},{"display":"Raven, G.","family":"Raven","given":"G.","role":"aut"},{"display":"Jessop, C. P.","role":"aut","family":"Jessop","given":"C. P."},{"role":"aut","family":"LoSecco","given":"J. M.","display":"LoSecco, J. M."},{"role":"aut","given":"K.","family":"Honscheid","display":"Honscheid, K."},{"role":"aut","given":"R.","family":"Kass","display":"Kass, R."},{"display":"Brau, J.","family":"Brau","given":"J.","role":"aut"},{"family":"Frey","given":"R.","role":"aut","display":"Frey, R."},{"display":"Sinev, N. B.","family":"Sinev","given":"N. B.","role":"aut"},{"display":"Strom, D.","family":"Strom","given":"D.","role":"aut"},{"display":"Torrence, E.","family":"Torrence","given":"E.","role":"aut"},{"family":"Feltresi","given":"E.","role":"aut","display":"Feltresi, E."},{"role":"aut","family":"Margoni","given":"M.","display":"Margoni, M."},{"display":"Morandin, M.","role":"aut","family":"Morandin","given":"M."},{"display":"Posocco, M.","role":"aut","given":"M.","family":"Posocco"},{"role":"aut","family":"Rotondo","given":"M.","display":"Rotondo, M."},{"display":"Simi, G.","given":"G.","family":"Simi","role":"aut"},{"display":"Simonetto, F.","given":"F.","family":"Simonetto","role":"aut"},{"display":"Stroili, R.","role":"aut","given":"R.","family":"Stroili"},{"role":"aut","family":"Akar","given":"S.","display":"Akar, S."},{"family":"Ben-Haim","given":"E.","role":"aut","display":"Ben-Haim, E."},{"role":"aut","family":"Bomben","given":"M.","display":"Bomben, M."},{"display":"Bonneaud, G. R.","role":"aut","given":"G. R.","family":"Bonneaud"},{"given":"H.","family":"Briand","role":"aut","display":"Briand, H."},{"display":"Calderini, G.","family":"Calderini","given":"G.","role":"aut"},{"display":"Chauveau, J.","given":"J.","family":"Chauveau","role":"aut"},{"family":"Leruste","given":"Ph.","role":"aut","display":"Leruste, Ph."},{"display":"Marchiori, G.","family":"Marchiori","given":"G.","role":"aut"},{"family":"Ocariz","given":"J.","role":"aut","display":"Ocariz, J."},{"display":"Sitt, S.","role":"aut","given":"S.","family":"Sitt"},{"display":"Biasini, M.","role":"aut","family":"Biasini","given":"M."},{"display":"Manoni, E.","role":"aut","family":"Manoni","given":"E."},{"display":"Pacetti, S.","family":"Pacetti","given":"S.","role":"aut"},{"display":"Rossi, A.","family":"Rossi","given":"A.","role":"aut"},{"role":"aut","family":"Angelini","given":"C.","display":"Angelini, C."},{"given":"G.","family":"Batignani","role":"aut","display":"Batignani, G."},{"role":"aut","family":"Bettarini","given":"S.","display":"Bettarini, S."},{"given":"M.","family":"Carpinelli","role":"aut","display":"Carpinelli, M."},{"family":"Casarosa","given":"G.","role":"aut","display":"Casarosa, G."},{"display":"Cervelli, A.","role":"aut","given":"A.","family":"Cervelli"},{"display":"Forti, F.","role":"aut","given":"F.","family":"Forti"},{"display":"Giorgi, M. A.","role":"aut","family":"Giorgi","given":"M. A."},{"display":"Lusiani, A.","given":"A.","family":"Lusiani","role":"aut"},{"role":"aut","given":"B.","family":"Oberhof","display":"Oberhof, B."},{"display":"Paoloni, E.","given":"E.","family":"Paoloni","role":"aut"},{"role":"aut","family":"Perez","given":"A.","display":"Perez, A."},{"family":"Rizzo","given":"G.","role":"aut","display":"Rizzo, G."},{"display":"Walsh, J. J.","family":"Walsh","given":"J. J.","role":"aut"},{"role":"aut","family":"Lopes Pegna","given":"D.","display":"Lopes Pegna, D."},{"given":"J.","family":"Olsen","role":"aut","display":"Olsen, J."},{"role":"aut","family":"Smith","given":"A. J. S.","display":"Smith, A. J. S."},{"given":"R.","family":"Faccini","role":"aut","display":"Faccini, R."},{"display":"Ferrarotto, F.","role":"aut","given":"F.","family":"Ferrarotto"},{"role":"aut","family":"Ferroni","given":"F.","display":"Ferroni, F."},{"role":"aut","family":"Gaspero","given":"M.","display":"Gaspero, M."},{"display":"Li Gioi, L.","family":"Li Gioi","given":"L.","role":"aut"},{"display":"Piredda, G.","role":"aut","family":"Piredda","given":"G."},{"role":"aut" | ||
| JSO | |a ,"given":"C.","family":"Bünger","display":"Bünger, C."},{"display":"Grünberg, O.","role":"aut","given":"O.","family":"Grünberg"},{"family":"Hartmann","given":"T.","role":"aut","display":"Hartmann, T."},{"display":"Leddig, Torsten","role":"aut","family":"Leddig","given":"Torsten"},{"display":"Voß, Christian","family":"Voß","given":"Christian","role":"aut"},{"display":"Waldi, Roland","given":"Roland","family":"Waldi","role":"aut"},{"role":"aut","family":"Adye","given":"T.","display":"Adye, T."},{"display":"Olaiya, E. O.","role":"aut","family":"Olaiya","given":"E. O."},{"family":"Wilson","given":"F. F.","role":"aut","display":"Wilson, F. F."},{"family":"Emery","given":"S.","role":"aut","display":"Emery, S."},{"role":"aut","given":"G.","family":"Hamel de Monchenault","display":"Hamel de Monchenault, G."},{"display":"Vasseur, G.","role":"aut","given":"G.","family":"Vasseur"},{"family":"Yèche","given":"Ch.","role":"aut","display":"Yèche, Ch."},{"display":"Anulli, F.","given":"F.","family":"Anulli","role":"aut"},{"display":"Aston, D.","role":"aut","given":"D.","family":"Aston"},{"display":"Bard, D. J.","family":"Bard","given":"D. J.","role":"aut"},{"display":"Benitez, J. F.","role":"aut","family":"Benitez","given":"J. F."},{"family":"Cartaro","given":"C.","role":"aut","display":"Cartaro, C."},{"role":"aut","family":"Convery","given":"M. R.","display":"Convery, M. R."},{"display":"Dorfan, J.","given":"J.","family":"Dorfan","role":"aut"},{"role":"aut","family":"Dubois-Felsmann","given":"G. P.","display":"Dubois-Felsmann, G. P."},{"display":"Dunwoodie, W.","given":"W.","family":"Dunwoodie","role":"aut"},{"display":"Ebert, M.","role":"aut","given":"M.","family":"Ebert"},{"given":"R. C.","family":"Field","role":"aut","display":"Field, R. C."},{"display":"Fulsom, B. G.","role":"aut","given":"B. G.","family":"Fulsom"},{"role":"aut","family":"Gabareen","given":"A. M.","display":"Gabareen, A. M."},{"display":"Graham, M. T.","role":"aut","family":"Graham","given":"M. T."},{"display":"Hast, C.","family":"Hast","given":"C.","role":"aut"},{"display":"Innes, W. R.","given":"W. R.","family":"Innes","role":"aut"},{"role":"aut","family":"Kim","given":"P.","display":"Kim, P."},{"display":"Kocian, M. L.","family":"Kocian","given":"M. L.","role":"aut"},{"display":"Leith, D. W. G. S.","role":"aut","given":"D. W. G. S.","family":"Leith"},{"role":"aut","given":"P.","family":"Lewis","display":"Lewis, P."},{"display":"Lindemann, D.","role":"aut","family":"Lindemann","given":"D."},{"display":"Lindquist, B.","role":"aut","given":"B.","family":"Lindquist"},{"given":"S.","family":"Luitz","role":"aut","display":"Luitz, S."},{"display":"Luth, V.","family":"Luth","given":"V.","role":"aut"},{"display":"Lynch, H. L.","role":"aut","given":"H. L.","family":"Lynch"},{"display":"MacFarlane, D. B.","role":"aut","family":"MacFarlane","given":"D. B."},{"display":"Muller, D. R.","role":"aut","family":"Muller","given":"D. R."},{"display":"Neal, H.","role":"aut","given":"H.","family":"Neal"},{"family":"Nelson","given":"S.","role":"aut","display":"Nelson, S."},{"role":"aut","family":"Perl","given":"M.","display":"Perl, M."},{"given":"T.","family":"Pulliam","role":"aut","display":"Pulliam, T."},{"family":"Ratcliff","given":"B. N.","role":"aut","display":"Ratcliff, B. N."},{"display":"Roodman, A.","given":"A.","family":"Roodman","role":"aut"},{"display":"Salnikov, A. A.","family":"Salnikov","given":"A. A.","role":"aut"},{"display":"Schindler, R. H.","family":"Schindler","given":"R. H.","role":"aut"},{"given":"A.","family":"Snyder","role":"aut","display":"Snyder, A."},{"family":"Su","given":"D.","role":"aut","display":"Su, D."},{"role":"aut","family":"Sullivan","given":"M. K.","display":"Sullivan, M. K."},{"display":"Va’vra, J.","role":"aut","given":"J.","family":"Va’vra"},{"display":"Wagner, A. P.","given":"A. P.","family":"Wagner","role":"aut"},{"role":"aut","family":"Wang","given":"W. F.","display":"Wang, W. F."},{"role":"aut","given":"W. J.","family":"Wisniewski","display":"Wisniewski, W. J."},{"display":"Wittgen, M.","family":"Wittgen","given":"M.","role":"aut"},{"display":"Wright, D. H.","given":"D. H.","family":"Wright","role":"aut"},{"display":"Wulsin, H. W.","family":"Wulsin","given":"H. W.","role":"aut"},{"family":"Ziegler","given":"V.","role":"aut","display":"Ziegler, V."},{"display":"Park, W.","role":"aut","given":"W.","family":"Park"},{"display":"Purohit, M. V.","given":"M. V.","family":"Purohit","role":"aut"},{"display":"White, R. M.","family":"White","given":"R. M.","role":"aut"},{"role":"aut","given":"J. R.","family":"Wilson","display":"Wilson, J. R."},{"display":"Randle-Conde, A.","role":"aut","family":"Randle-Conde","given":"A."},{"display":"Sekula, S. J.","given":"S. J.","family":"Sekula","role":"aut"},{"role":"aut","family":"Bellis","given":"M.","display":"Bellis, M."},{"display":"Burchat, P. R.","role":"aut","family":"Burchat","given":"P. R."},{"family":"Miyashita","given":"T. S.","role":"aut","display":"Miyashita, T. S."},{"display":"Puccio, E. M. T.","family":"Puccio","given":"E. M. T.","role":"aut"},{"role":"aut","given":"M. S.","family":"Alam","display":"Alam, M. S."},{"display":"Ernst, J. A.","family":"Ernst","given":"J. A.","role":"aut"},{"role":"aut","given":"R.","family":"Gorodeisky","display":"Gorodeisky, R."},{"role":"aut","family":"Guttman","given":"N.","display":"Guttman, N."},{"family":"Peimer","given":"D. R.","role":"aut","display":"Peimer, D. R."},{"display":"Soffer, A.","given":"A.","family":"Soffer","role":"aut"},{"display":"Spanier, S. M.","family":"Spanier","given":"S. M.","role":"aut"},{"display":"Ritchie, J. L.","role":"aut","given":"J. L.","family":"Ritchie"},{"given":"A. M.","family":"Ruland","role":"aut","display":"Ruland, A. M."},{"role":"aut","family":"Schwitters","given":"R. F.","display":"Schwitters, R. F."},{"display":"Wray, B. C.","role":"aut","given":"B. C.","family":"Wray"},{"role":"aut","given":"J. M.","family":"Izen","display":"Izen, J. M."},{"display":"Lou, X. C.","family":"Lou","given":"X. C.","role":"aut"},{"display":"Bianchi, F.","role":"aut","given":"F.","family":"Bianchi"},{"display":"De Mori, F.","family":"De Mori","given":"F.","role":"aut"},{"display":"Filippi, A.","role":"aut","given":"A.","family":"Filippi"},{"display":"Gamba, D.","role":"aut","family":"Gamba","given":"D."},{"family":"Zambito","given":"S.","role":"aut","display":"Zambito, S."},{"family":"Lanceri","given":"L.","role":"aut","display":"Lanceri, L."},{"family":"Vitale","given":"L.","role":"aut","display":"Vitale, L."},{"family":"Martinez-Vidal","given":"F.","role":"aut","display":"Martinez-Vidal, F."},{"display":"Oyanguren, A.","role":"aut","family":"Oyanguren","given":"A."},{"display":"Villanueva-Perez, P.","role":"aut","given":"P.","family":"Villanueva-Perez"},{"family":"Albert","given":"J.","role":"aut","display":"Albert, J."},{"display":"Banerjee, Sw.","family":"Banerjee","given":"Sw.","role":"aut"},{"role":"aut","family":"Bernlochner","given":"F. U.","display":"Bernlochner, F. U."},{"display":"Choi, H. H. F.","role":"aut","given":"H. H. F.","family":"Choi"},{"role":"aut","given":"G. J.","family":"King","display":"King, G. J."},{"display":"Kowalewski, R.","role":"aut","family":"Kowalewski","given":"R."},{"display":"Lewczuk, M. J.","role":"aut","given":"M. J.","family":"Lewczuk"},{"role":"aut","family":"Lueck","given":"T.","display":"Lueck, T."},{"display":"Nugent, I. M.","role":"aut","given":"I. M.","family":"Nugent"},{"family":"Roney","given":"J. M.","role":"aut","display":"Roney, J. M."},{"display":"Sobie, R. J.","role":"aut","family":"Sobie","given":"R. J."},{"display":"Tasneem, N.","role":"aut","family":"Tasneem","given":"N."},{"display":"Gershon, T. J.","role":"aut","family":"Gershon","given":"T. J."},{"display":"Harrison, P. F.","role":"aut","given":"P. F.","family":"Harrison"},{"family":"Latham","given":"T. E.","role":"aut","display":"Latham, T. E."},{"family":"Band","given":"H. R.","role":"aut","display":"Band, H. R."},{"given":"S.","family":"Dasu","role":"aut","display":"Dasu, S."},{"display":"Pan, Y.","role":"aut","given":"Y.","family":"Pan"},{"display":"Prepost, R.","given":"R.","family":"Prepost","role":"aut"},{"family":"Wu","given":"S. L.","role":"aut","display":"Wu, S. L."}],"physDesc":[{"extent":"12 S."}],"origin":[{"dateIssuedDisp":"5 November 2014","dateIssuedKey":"2014"}],"language":["eng"],"name":{"displayForm":["J.P. Lees, V. Poireau, V. Tisserand, E. Grauges, A. Palano, G. Eigen, B. Stugu, D.N. Brown, L.T. Kerth, Yu.G. Kolomensky, M.J. Lee, G. Lynch, H. Koch, T. Schroeder, C. Hearty, T.S. Mattison, J.A. McKenna, R.Y. So, A. Khan, V.E. Blinov, A.R. Buzykaev, V.P. Druzhinin, V.B. Golubev, E.A. Kravchenko, A.P. Onuchin, S.I. Serednyakov, Yu.I. Skovpen, E.P. Solodov, K.Yu. Todyshev, A.N. Yushkov, D. Kirkby, A.J. Lankford, M. Mandelkern, B. Dey, J.W. Gary, O. Long, C. Campagnari, M. Franco Sevilla, T.M. Hong, D. Kovalskyi, J.D. Richman, C.A. West, A.M. Eisner, W.S. Lockman, B.A. Schumm, A. Seiden, D.S. Chao, C.H. Cheng, B. Echenard, K.T | ||
| JSO | |a . Flood, D.G. Hitlin, P. Ongmongkolkul, F.C. Porter, R. Andreassen, Z. Huard, B.T. Meadows, B.G. Pushpawela, M.D. Sokoloff, L. Sun, P.C. Bloom, W.T. Ford, A. Gaz, U. Nauenberg, J.G. Smith, S.R. Wagner, R. Ayad, W.H. Toki, B. Spaan, R. Schwierz, D. Bernard, M. Verderi, S. Playfer, D. Bettoni, C. Bozzi, R. Calabrese, G. Cibinetto, E. Fioravanti, I. Garzia, E. Luppi, L. Piemontese, V. Santoro, R. Baldini-Ferroli, A. Calcaterra, R. de Sangro, G. Finocchiaro, S. Martellotti, P. Patteri, I.M. Peruzzi, M. Piccolo, M. Rama, A. Zallo, R. Contri, E. Guido, M. Lo Vetere, M.R. Monge, S. Passaggio, C. Patrignani, E. Robutti, B. Bhuyan, V. Prasad, M. Morii, A. Adametz, U. Uwer, H.M. Lacker, P.D. Dauncey, U. Mallik, C. Chen, J. Cochran, W.T. Meyer, S. Prell, H. Ahmed, A.V. Gritsan, N. Arnaud, M. Davier, D. Derkach, G. Grosdidier, F. Le Diberder, A.M. Lutz, B. Malaescu, P. Roudeau, A. Stocchi, G. Wormser, D.J. Lange, D.M. Wright, J.P. Coleman, J.R. Fry, E. Gabathuler, D.E. Hutchcroft, D.J. Payne, C. Touramanis, A.J. Bevan, F. Di Lodovico, R. Sacco, G. Cowan, J. Bougher, D.N. Brown, C.L. Davis, A.G. Denig, M. Fritsch, W. Gradl, K. Griessinger, A. Hafner, E. Prencipe, K.R. Schubert, R.J. Barlow, G.D. Lafferty, E. Behn, R. Cenci, B. Hamilton, A. Jawahery, D.A. Roberts, R. Cowan, D. Dujmic, G. Sciolla, R. Cheaib, P.M. Patel, S.H. Robertson, P. Biassoni, N. Neri, F. Palombo, L. Cremaldi, R. Godang, P. Sonnek, D.J. Summers, M. Simard, P. Taras, G. De Nardo, D. Monorchio, G. Onorato, C. Sciacca, M. Martinelli, G. Raven, C.P. Jessop, J.M. LoSecco, K. Honscheid, R. Kass, J. Brau, R. Frey, N.B. Sinev, D. Strom, E. Torrence, H. Ahmed, E. Feltresi, M. Margoni, M. Morandin, M. Posocco, M. Rotondo, G. Simi, F. Simonetto, R. Stroili, S. Akar, E. Ben-Haim, M. Bomben, G.R. Bonneaud, H. Briand, G. Calderini, J. Chauveau, Ph. Leruste, G. Marchiori, J. Ocariz, S. Sitt, M. Biasini, E. Manoni, S. Pacetti, A. Rossi, C. Angelini, G. Batignani, S. Bettarini, M. Carpinelli, G. Casarosa, A. Cervelli, F. Forti, M.A. Giorgi, A. Lusiani, B. Oberhof, E. Paoloni, A. Perez, G. Rizzo, J.J. Walsh, D. Lopes Pegna, J. Olsen, A.J.S. Smith, R. Faccini, F. Ferrarotto, F. Ferroni, M. Gaspero, L. Li Gioi, G. Piredda, C. Bünger, O. Grünberg, T. Hartmann, T. Leddig, C. Voß, R. Waldi, T. Adye, E.O. Olaiya, F.F. Wilson, S. Emery, G. Hamel de Monchenault, G. Vasseur, Ch. Yèche, F. Anulli, D. Aston, D.J. Bard, J.F. Benitez, C. Cartaro, M.R. Convery, J. Dorfan, G.P. Dubois-Felsmann, W. Dunwoodie, M. Ebert, R.C. Field, B.G. Fulsom, A.M. Gabareen, M.T. Graham, C. Hast, W.R. Innes, P. Kim, M.L. Kocian, D.W.G.S. Leith, P. Lewis, D. Lindemann, B. Lindquist, S. Luitz, V. Luth, H.L. Lynch, D.B. MacFarlane, D.R. Muller, H. Neal, S. Nelson, M. Perl, T. Pulliam, B.N. Ratcliff, A. Roodman, A.A. Salnikov, R.H. Schindler, A. Snyder, D. Su, M.K. Sullivan, J. Va’vra, A.P. Wagner, W. F. Wang, W.J. Wisniewski, M. Wittgen, D.H. Wright, H.W. Wulsin, V. Ziegler, W. Park, M.V. Purohit, R.M. White, J.R. Wilson, A. Randle-Conde, S.J. Sekula, M. Bellis, P.R. Burchat, T.S. Miyashita, E.M.T. Puccio, M.S. Alam, J.A. Ernst, R. Gorodeisky, N. Guttman, D.R. Peimer, A. Soffer, S.M. Spanier, J.L. Ritchie, A.M. Ruland, R.F. Schwitters, B.C. Wray, J.M. Izen, X.C. Lou, F. Bianchi, F. De Mori, A. Filippi, D. Gamba, S. Zambito, L. Lanceri, L. Vitale, F. Martinez-Vidal, A. Oyanguren, P. Villanueva-Perez, J. Albert, Sw. Banerjee, F. U. Bernlochner, H.H.F. Choi, G.J. King, R. Kowalewski, M.J. Lewczuk, T. Lueck, I.M. Nugent, J.M. Roney, R.J. Sobie, N. Tasneem, T.J. Gershon, P.F. Harrison, T.E. Latham, H.R. Band, S. Dasu, Y. Pan, R. Prepost, and S.L. Wu (BABAR Collaboration)"]},"title":[{"title":"Measurements of direct CP asymmetries in B → Xsγ decays using sum of exclusive decays","title_sort":"Measurements of direct CP asymmetries in B → Xsγ decays using sum of exclusive decays"}],"corporate":[{"role":"aut","display":"BABAR Collaboration"}],"note":["Gesehen am 13.04.2021","Im Titel ist der Buchstabe \"s\" tiefgestellt"]} | ||
| SRT | |a BABARCOLLAMEASUREMEN5201 | ||